Score 0/16 Timer 04:00
0 Plays Today
County / Municipality County % Correct
MunicipalityCopenhagen
93.5%
CountyCopenhagen
93.5%
IslandBornholm
81.3%
CountyAarhus
80.4%
CountySouth Jutland
78%
Municipality Frederiksberg
77.6%
CountyNorth Jutland
77.6%
CountyRoskilde
75.7%
County / Municipality County % Correct
CountyFrederiksborg
73.8%
CountyFunen
72.4%
CountyWest Zealand
71%
CountyRibe
70.1%
CountyStorstrøm
68.7%
CountyVejle
67.3%
CountyRingkjøbing
65.4%
CountyViborg
63.6%
Remove Ads.
Support Sporcle.
Get the best of Sporcle when you Go Orange. This ad-free experience offers more features, more stats, and more fun while also helping to support Sporcle. Thank you for becoming a member.

You're not logged in!

Compare scores with friends on all Sporcle quizzes.
OR
Log In

Show Comments

Extras

Top Quizzes Today


Score Distribution

Your Account Isn't Verified!

In order to create a playlist on Sporcle, you need to verify the email address you used during registration. Go to your Sporcle Settings to finish the process.

Report this User

Report this user for behavior that violates our Community Guidelines.

Details: